| 000 | 00605cab a2200229 4500 | ||
|---|---|---|---|
| 001 | X1121 | ||
| 008 | 090401t1993 xxu||||| |||| 00| 0 eng d | ||
| 035 | _a(Sirsi) u14787 | ||
| 041 | _aeng | ||
| 245 | _aGeological boreholes | ||
| 260 | _c1993 | ||
| 350 | _a0 | ||
| 490 |
_aCS Monthly : Rural Practice _v3(2) October 1993, 7(1) |
||
| 520 | _aLake Distract Speacil Planning Board v British Nuclear Fuels plc | ||
| 650 | _aBUTTERFLIES | ||
| 650 | _aDRILLING | ||
| 650 | _aNETIONAL PARK | ||
| 650 | _aRADIOACTIVE WASTE | ||
| 690 | _aPLANNING LAW AND PRACTICE | ||
| 942 | _n0 | ||
| 948 | _c04/03/1997 | ||
| 999 |
_c9653 _d9653 |
||